000 00704nam a2200253Ia 4500
003 OSt
005 20220918193215.0
006 a|||||r|||| 00| 0
007 ta
008 220917b |||||||| |||| 00| 0 eng d
024 _a72,269
037 _cTextual
040 _aARTS
_cARTS
_beng
041 _2eng
_aeng
082 _aR43z7, L9
100 _aGoodpaster K E ed
_981246
245 0 _aEthics and problems of the 21st century
260 _aNotredame
_bUniv of Notre Dame Press
_c1979
300 _axi,209p.
_ccm.
650 _aSOCIAL ETHICS
_9763
700 _a Sayre K M ed
_981247
942 _hR43z7, L9
_cTEXL
_2CC
999 _c198273
_d198273